| 000 | 00715nam a2200205 a 4500 | ||
|---|---|---|---|
| 005 | 20251018063900.0 | ||
| 008 | 011002s2000 mx r 000 0 spa d | ||
| 020 | _a9706790160 | ||
| 035 | _aUPN01000112382 | ||
| 049 | _aCG | ||
| 050 | 4 |
_aGF28 M5.3 _bC3.4 |
|
| 245 | 0 | 0 |
_aCalidad de vida, medio ambiente y educación en el medio rural / _ccoord. Martha Viesca Arrache. |
| 260 |
_aZamora, Mich. : _bEl Colegio de Michoacán ; _aCuernavaca : _bUNAM, Centro Regional de Investigaciones Multidisciplinarias, _c2000. |
||
| 300 | _a336 p. | ||
| 650 | 4 |
_aEducación ambiental _94338 |
|
| 650 | 4 |
_aCalidad de vida _94703 |
|
| 650 | 2 |
_aPoblación rural _91187 |
|
| 700 | 1 |
_aViesca Arrache, Martha, _ecoord. |
|
| 905 | _aLibro | ||
| 999 |
_c86290 _d86290 |
||